Wings against the blue, (Record no. 1794)

MARC details
000 -LEADER
fixed length control field 00705cam a2200241u 4500
001 - CONTROL NUMBER
control field 9260353
003 - CONTROL NUMBER IDENTIFIER
control field GBCCL
005 - DATE AND TIME OF LATEST TRANSACTION
control field 20241126110409.0
008 - FIXED-LENGTH DATA ELEMENTS--GENERAL INFORMATION
fixed length control field 830617s1942 tnucf 000 0 eng
010 ## -
-- 42022550
040 ## - CATALOGING SOURCE
Original cataloging agency DLC
Transcribing agency CarP
Modifying agency DLC
043 ## -
-- s-bl---
050 00 -
-- BX6272.B7
-- A6
082 ## - DEWEY DECIMAL CLASSIFICATION NUMBER
Classification number 266.0092
Item number APP
100 1# - MAIN ENTRY--PERSONAL NAME
Personal name Appleby, Rosalee (Mills),
Dates associated with a name 1895- [from old catalog]
9 (RLIN) 3716
245 10 - TITLE STATEMENT
Title Wings against the blue,
260 ## - PUBLICATION, DISTRIBUTION, ETC.
Place of publication, distribution, etc. [Nashville,
Name of publisher, distributor, etc. Broadman press,
Date of publication, distribution, etc. 1942]
300 ## - PHYSICAL DESCRIPTION
Extent 159 p.
Other physical details plates, ports.
Dimensions 19 cm.
650 #0 - SUBJECT ADDED ENTRY--TOPICAL TERM
Topical term or geographic name entry element Baptists
Geographic subdivision Brazil.
9 (RLIN) 3717
651 #0 - SUBJECT ADDED ENTRY--GEOGRAPHIC NAME
Geographic name Brazil
General subdivision Description and travel.
9 (RLIN) 3718
906 ## - LOCAL DATA ELEMENT F, LDF (RLIN)
a 0
b cbc
c premunv
d u
e ncip
f 19
g y-gencatlg
942 ## - ADDED ENTRY ELEMENTS (KOHA)
Source of classification or shelving scheme Dewey Decimal Classification
Koha item type Books
Holdings
Withdrawn status Lost status Source of classification or shelving scheme Damaged status Not for loan Home library Current Library Shelving location Date acquired Total checkouts Full call number Barcode Date last seen Copy number Price effective from Koha item type
    Dewey Decimal Classification     GRACE BIBLE COLLEGE GRACE BIBLE COLLEGE Ministry & Mission 2017-05-25   266.0092 APP 009404 2025-05-01 c.1 2017-05-25 Books
© Grace Bible College Library 2025